| 000 | 01510cam a2200373 a 4500 | ||
|---|---|---|---|
| 001 | EDZ0000158154 | ||
| 003 | StDuBDS | ||
| 005 | 20161031105233.0 | ||
| 006 | m||||||||d|||||||| | ||
| 007 | cr ||||||||||| | ||
| 008 | 130912s2006 caua fo| 001|0|eng d | ||
| 020 |
_a9781483329307 (ebook) : _cNo price |
||
| 040 |
_aStDuBDS _beng _cStDuBDS _epn |
||
| 049 | _aAlfaisal Main Library | ||
| 050 | 0 |
_aLC3993.9 _b.P87 2006 |
|
| 082 | 0 | 4 |
_a371.95 _223 |
| 100 | 1 | _aPurcell, Jeanne H. | |
| 245 | 1 | 0 |
_aDesigning services and programs for high-ability learners _h[electronic resource] : _ba guidebook for gifted education / _cJeanne H. Purcell and Rebecca D. Eckert. |
| 260 |
_aThousand Oaks, Calif. : _bCorwin, _cc2006. |
||
| 300 |
_a1 online resource (xxiv, 323 p.) : _bill. |
||
| 500 | _a"Joint publication of the National Association for Gifted Children and Corwin Press." | ||
| 504 | _aIncludes bibliographical references and index. | ||
| 521 | _aSpecialized. | ||
| 588 | _aDescription based on print version record. | ||
| 650 | 0 |
_aGifted children _xEducation _zUnited States. |
|
| 650 | 0 |
_aEducational planning _zUnited States. |
|
| 655 | 7 |
_aElectronic books. _2local |
|
| 700 | 1 | _aEckert, Rebecca D. | |
| 710 | 2 | _aSage eBooks | |
| 710 | 2 | _aNational Association for Gifted Children (U.S.) | |
| 776 | 0 | 8 |
_iPrint version : _z9781412926164 |
| 856 | 4 | 0 | _uhttp://ezproxy.alfaisal.edu/login?url=http://sk.sagepub.com/books/designing-services-and-programs-for-high-ability-learners |
| 942 |
_2lcc _cEBOOKS |
||
| 999 |
_c482381 _d482381 |
||